Report of The Finance Committee On The Annual Public Debt Report For The 2017 Financial Year. (Record no. 4510)

MARC details
000 -LEADER
fixed length control field 00542nam a22001697a 4500
003 - CONTROL NUMBER IDENTIFIER
control field OSt
005 - DATE AND TIME OF LATEST TRANSACTION
control field 20240919121322.0
008 - FIXED-LENGTH DATA ELEMENTS--GENERAL INFORMATION
fixed length control field 240919b |||||||| |||| 00| 0 eng d
041 ## - LANGUAGE CODE
Language code of text/sound track or separate title English
082 ## - DEWEY DECIMAL CLASSIFICATION NUMBER
Classification number CR/APD/18 Acc.no. 9798
110 ## - MAIN ENTRY--CORPORATE NAME
Corporate name or jurisdiction name as entry element Parliament Of Ghana
245 ## - TITLE STATEMENT
Title Report of The Finance Committee On The Annual Public Debt Report For The 2017 Financial Year.
260 ## - PUBLICATION, DISTRIBUTION, ETC.
Place of publication, distribution, etc. Accra
Name of publisher, distributor, etc. Parliament Of Ghana
Date of publication, distribution, etc. May, 2018
300 ## - PHYSICAL DESCRIPTION
Extent 11p., tabs.;
650 ## - SUBJECT ADDED ENTRY--TOPICAL TERM
Source of heading or term Annual Public Debt Report For The 2017 Financial Year.
942 ## - ADDED ENTRY ELEMENTS (KOHA)
Source of classification or shelving scheme Dewey Decimal Classification
Koha item type Reports
Suppress in OPAC No
Holdings
Withdrawn status Lost status Source of classification or shelving scheme Damaged status Not for loan Home library Current library Shelving location Date acquired Total checkouts Full call number Date last seen Copy number Price effective from Koha item type
    Dewey Decimal Classification     Main Library Main Library Open Shelves 19/09/2024   CR/APD/18 Acc.no. 9798 C1 19/09/2024 1 19/09/2024 Reports
    Dewey Decimal Classification     Main Library Main Library Open Shelves 19/09/2024   CR/APD/18 Acc.no. 9799 C2 19/09/2024 2 19/09/2024 Reports
    Dewey Decimal Classification     Main Library Main Library Open Shelves 19/09/2024   CR/APD/18 Acc.no. 9800 C3 19/09/2024 3 19/09/2024 Reports
©2026  Parliament of Ghana Library - All rights reserved